[Event "Wch U18 Girls"]
[Site "Kemer"]
[Date "2007.11.26"]
[Round "9"]
[White "Levy Ortiz, Mireya"]
[Black "Kerr, Julia"]
[Result "1-0"]
[WhiteElo "1910"]
[BlackElo "2026"]
[PlyCount "39"]
[EventDate "2007.11.18"]
[EventType "swiss"]
[EventRounds "11"]
[EventCountry "TUR"]
[SourceTitle "CBM 121 Extra"]
[Source "ChessBase"]
[SourceDate "2008.01.10"]
[SourceVersion "1"]
[SourceVersionDate "2008.01.10"]
[SourceQuality "1"]

1. e4 c5 2. d4 cxd4 3. c3 d3 4. Bxd3 d6 5. Nf3 Nc6 6. 0-0 g6 7. c4 Bg4 8. h3 Bxf3 9. Qxf3 Bg7 10. Nc3 Nf6 11. Be3 0-0 12. Qe2 Nd7 13. f4 Nc5 14. Bc2 Ne6 15. Rad1 Qa5 16. f5 Ncd4 17. Qf2 Qe5 18. Bb1 b5 19. Nxb5 Nxb5 20. Rd5 1-0

[Event "Wch U18 Girls"]
[Site "Kemer"]
[Date "2007.11.22"]
[Round "6"]
[White "Nadirjanova, Nodira"]
[Black "Levy Ortiz, Mireya"]
[Result "1-0"]
[WhiteElo "2104"]
[BlackElo "1910"]
[PlyCount "129"]
[EventDate "2007.11.18"]
[EventType "swiss"]
[EventRounds "11"]
[EventCountry "TUR"]
[SourceTitle "CBM 121 Extra"]
[Source "ChessBase"]
[SourceDate "2008.01.10"]
[SourceVersion "1"]
[SourceVersionDate "2008.01.10"]
[SourceQuality "1"]

1. d4 f5 2. g3 Nf6 3. Bg2 e6 4. Nf3 Be7 5. 0-0 0-0 6. c4 d6 7. Nc3 Qe8 8. Re1 Ne4 9. Qc2 Nxc3 10. Qxc3 c6 11. e4 Qf7 12. e5 d5 13. c5 a5 14. b3 b6 15. a3 bxc5 16. dxc5 Nd7 17. b4 Rb8 18. Nd4 Bb7 19. Nb3 axb4 20. axb4 g5 21. Ra7 f4 22. f3 Rfc8 23. Na5 Rc7 24. Bf1 Bd8 25. Nb3 Ba8 26. Ra4 Nf8 27. Bd2 fxg3 28. hxg3 Ra7 29. Rea1 Rbb7 30. Nd4 Rxa4 31. Rxa4 Ra7 32. Qa3 Rxa4 33. Qxa4 Qb7 34. Qa6 Qxa6 35. Bxa6 Kf7 36. Kg2 h6 37. Kh3 Bc7 38. f4 h5 39. Bc8 Ke7 40. Ba6 Kf7 41. Kg2 Ke7 42. Bc8 h4 43. Nf3 hxg3 44. Nxg5 Nd7 45. Kxg3 Kd8 46. Ba6 Nf8 47. Kg4 Ke7 48. Kh5 Ke8 49. Bc8 Ke7 50. Kh6 Nd7 51. Kg7 Nxe5 52. fxe5 Bxe5+ 53. Kg6 Kd8 54. Bxe6 Bb7 55. Bxd5 Bb2 56. Nf7+ Kc7 57. Bf4+ Kd7 58. Nd6 Ba6 59. Bf3 Bc3 60. b5 Bb4 61. Be3 Ba5 62. Kf7 Bd8 63. b6 Bxb6 64. cxb6 Kxd6 65. Bf4+ 1-0

[Event "Pan American-ch U20 Girls"]
[Site "Riobamba"]
[Date "2007.08.24"]
[Round "9"]
[White "Heredia Serrano, Carla Sofia"]
[Black "Levy Ortiz, Mireya"]
[Result "1/2-1/2"]
[WhiteElo "1986"]
[BlackElo "1921"]
[PlyCount "37"]
[EventDate "2007.08.18"]
[EventType "swiss"]
[EventRounds "9"]
[EventCountry "ECU"]
[SourceTitle "CBM 120 Extra"]
[Source "ChessBase"]
[SourceDate "2007.11.01"]
[SourceVersion "1"]
[SourceVersionDate "2007.11.01"]
[SourceQuality "1"]

1. e4 e5 2. Nf3 Nc6 3. Bc4 Nf6 4. d3 Be7 5. 0-0 0-0 6. Re1 h6 7. c3 Re8 8. Nbd2 Bf8 9. Bb3 d5 10. Qe2 a6 11. a4 b6 12. Nf1 Bb7 13. Bc2 d4 14. Ng3 b5 15. Nf5 Bc5 16. N3h4 b4 17. Qf3 bxc3 18. bxc3 dxc3 19. Qg3 1/2-1/2

[Event "Pan American-ch U20 Girls"]
[Site "Riobamba"]
[Date "2007.08.21"]
[Round "5"]
[White "Orejuela Chango, Paulina"]
[Black "Levy Ortiz, Mireya"]
[Result "0-1"]
[WhiteElo "1832"]
[BlackElo "1921"]
[PlyCount "82"]
[EventDate "2007.08.18"]
[EventType "swiss"]
[EventRounds "9"]
[EventCountry "ECU"]
[SourceTitle "CBM 120 Extra"]
[Source "ChessBase"]
[SourceDate "2007.11.01"]
[SourceVersion "1"]
[SourceVersionDate "2007.11.01"]
[SourceQuality "1"]

1. e4 d5 2. exd5 Nf6 3. d4 Bg4 4. Be2 Bxe2 5. Nxe2 Qxd5 6. 0-0 Nc6 7. Bf4 0-0-0 8. Nbc3 Qf5 9. Be3 Nb4 10. Rc1 Nbd5 11. Nxd5 Nxd5 12. c4 Nxe3 13. fxe3 Qe4 14. Qb3 f6 15. c5 e5 16. c6 bxc6 17. Rc4 exd4 18. Nxd4 Re8 19. Re1 c5 20. Nb5 Qb7 21. Qa4 Re6 22. Nxa7+ Kb8 23. Nb5 Ra6 24. Rd1 Be7 25. Qc2 Qxb5 26. Rd3 Rb6 27. Re4 Bd6 28. Rb3 Qc6 29. Ra3 Ra6 30. Qb3+ Rb6 31. Qc2 Kc8 32. Rea4 g6 33. Ra8+ Rb8 34. R8a6 Qb5 35. R3a5 Qb4 36. g3 Kd7 37. Ra7 Qxb2 38. Qa4+ Ke7 39. Qe4+ Qe5 40. Qd3 Rb4 41. Ra3 Rhb8 0-1

[Event "Pan American-ch U20 Girls"]
[Site "Riobamba"]
[Date "2007.08.21"]
[Round "6"]
[White "Romero Echeverria, Abigail"]
[Black "Levy Ortiz, Mireya"]
[Result "0-1"]
[WhiteElo "1929"]
[BlackElo "1921"]
[PlyCount "136"]
[EventDate "2007.08.18"]
[EventType "swiss"]
[EventRounds "9"]
[EventCountry "ECU"]
[SourceTitle "CBM 120 Extra"]
[Source "ChessBase"]
[SourceDate "2007.11.01"]
[SourceVersion "1"]
[SourceVersionDate "2007.11.01"]
[SourceQuality "1"]

1. e4 e5 2. Nf3 Nc6 3. d4 exd4 4. Nxd4 Nf6 5. Nxc6 bxc6 6. e5 Qe7 7. Qe2 Nd5 8. c4 Nb6 9. b3 a5 10. a3 Qe6 11. g3 a4 12. b4 Ba6 13. Nd2 Rb8 14. Bb2 c5 15. b5 Bb7 16. f3 Be7 17. Bg2 0-0 18. 0-0 f6 19. Rae1 fxe5 20. Qxe5 Qxe5 21. Bxe5 Bd8 22. Rf2 d6 23. Bc3 Bf6 24. Bxf6 Rxf6 25. Re7 Rf7 26. Rfe2 Kf8 27. R7e3 Nd7 28. f4 Bxg2 29. Kxg2 Nf6 30. Nf3 h6 31. Nh4 d5 32. cxd5 Rxb5 33. Ng6+ Kg8 34. f5 Rb8 35. g4 Rd7 36. h3 Rbd8 37. Ne7+ Kf7 38. Nc6 Nxd5 39. Nxd8+ Rxd8 40. Rf3 Rb8 41. Rc2 Rb5 42. Kf2 Ke7 43. h4 Kd6 44. g5 hxg5 45. hxg5 Rb3 46. Re2 c4 47. f6 gxf6 48. g6 Rb8 49. Rc2 c3 50. g7 Rg8 51. Rg3 Kc5 52. Rg4 f5 53. Rxa4 Rxg7 54. Rh4 Rg4 55. Rh5 Kc4 56. Rxf5 Kb3 57. Rc1 Kb2 58. Re1 Rf4+ 59. Rxf4 Nxf4 60. Kf3 Nd3 61. Re2+ c2 62. Ke4 Kc3 63. Rxc2+ Kxc2 64. a4 c5 65. a5 c4 66. Kd4 Kb3 67. a6 Nb4 68. a7 Nc6+ 0-1

[Event "Pan American-ch U20 Girls"]
[Site "Riobamba"]
[Date "2007.08.20"]
[Round "4"]
[White "Levy Ortiz, Mireya"]
[Black "Velasco, Maria Jose"]
[Result "0-1"]
[WhiteElo "1921"]
[BlackElo "1927"]
[PlyCount "68"]
[EventDate "2007.08.18"]
[EventType "swiss"]
[EventRounds "9"]
[EventCountry "ECU"]
[SourceTitle "CBM 120 Extra"]
[Source "ChessBase"]
[SourceDate "2007.11.01"]
[SourceVersion "1"]
[SourceVersionDate "2007.11.01"]
[SourceQuality "1"]

1. e4 e5 2. Nf3 Nc6 3. d4 exd4 4. Nxd4 Bb4+ 5. c3 Bc5 6. Be3 Bb6 7. Bc4 Ne5 8. Be2 d6 9. f4 Nc6 10. Nxc6 bxc6 11. Bxb6 axb6 12. 0-0 Ne7 13. f5 0-0 14. Bd3 Re8 15. Qh5 c5 16. Nd2 Nc6 17. Nf3 Ne5 18. Ng5 h6 19. Nxf7 Nxf7 20. f6 Re5 21. Qh4 Be6 22. a3 c4 23. Bc2 Raa5 24. Rf3 Rh5 25. Qf2 Rag5 26. fxg7 Rxg7 27. Rf6 Qe7 28. Rf1 Bh3 29. e5 Rxg2+ 30. Qxg2+ Bxg2 31. Rxf7 Qxf7 32. Rxf7 Kxf7 33. Kxg2 Rxe5 34. Kf3 Rb5 0-1

[Event "Pan American-ch U20 Girls"]
[Site "Riobamba"]
[Date "2007.08.19"]
[Round "3"]
[White "Chirivi Castiblanco, Jenny Astrid"]
[Black "Levy Ortiz, Mireya"]
[Result "1-0"]
[WhiteElo "2052"]
[BlackElo "1921"]
[PlyCount "83"]
[EventDate "2007.08.18"]
[EventType "swiss"]
[EventRounds "9"]
[EventCountry "ECU"]
[SourceTitle "CBM 120 Extra"]
[Source "ChessBase"]
[SourceDate "2007.11.01"]
[SourceVersion "1"]
[SourceVersionDate "2007.11.01"]
[SourceQuality "1"]

1. d4 d5 2. c4 e6 3. Nc3 f5 4. Bf4 Nf6 5. e3 c6 6. Nf3 Be7 7. Bd3 0-0 8. 0-0 Ne4 9. h3 Kh8 10. Ne5 Nd7 11. f3 Nd6 12. c5 Nf7 13. Nxf7+ Rxf7 14. e4 fxe4 15. fxe4 e5 16. dxe5 Bxc5+ 17. Kh1 Qh4 18. Qd2 Nf8 19. exd5 cxd5 20. Nxd5 Be6 21. Nc3 h6 22. Ne4 Bb6 23. Bg3 Rxf1+ 24. Rxf1 Qh5 25. Nd6 Nd7 26. b3 Rf8 27. Rxf8+ Nxf8 28. Kh2 Ng6 29. Be2 Qg5 30. Qxg5 hxg5 31. Nxb7 Bd4 32. Nd8 Bd5 33. e6 Kg8 34. Bc4 Bxc4 35. bxc4 Kf8 36. Bd6+ Ke8 37. Nc6 Be3 38. g3 Nf8 39. Bxf8 Kxf8 40. Kg2 Bc5 41. Kf3 g6 42. Ke4 1-0